000 00648nam a2200277Ia 4500
005 20260324124917.0
008 008 260324s9999 xx 000 0 eng d
020 _a9781003278818
037 _aEBOOK
040 _aCRL
040 _beng
040 _cCRL
041 _2eng
041 _aeng
084 _qCRL
100 _aM.C.A. Macdonald
_91175973
245 0 _aLiteracy and Identity in Pre-Islamic Arabia
260 _bTaylor and Francis
260 _c2009
365 _a
365 _b290
856 _uhttp://www.taylorfrancis.com/books/9781003278818
942 _cEBOOK
999 _c1770768
_d1770768